LEADER 02772nam0 2200517 i 450 001 RAV0263648 005 20251003044328.0 010 $a8880890360 020 $aIT$b96-5385 100 $a19951206d1995 ||||0itac50 ba 101 | $aita$ceng 102 $ait 181 1$6z01$ai $bxxxe 182 1$6z01$an 183 1$6z01$anc$2RDAcarrier 200 1 $aˆLa ‰fine del lavoro$eil declino della forza lavoro globale e l'avvento dell'era post-mercato$fJeremy Rifkin 210 $aMilano$cBaldini & Castoldi$d\1995! 215 $a519 p.$d23 cm 225 | $aEconomia e management$v8 300 $aTrad. di Paolo Canton. 410 0$1001LO10331479$12001 $aEconomia e management$v8 500 10$aˆThe ‰end of work : the decline of the global labor force and the dawn of the post-market era$3TSA0359735$9CFIV078396$915037 606 $aDisoccupazione$2FIR$3CFIC002714$9E 606 $aProgresso tecnico e occupazione$2FIR$3CFIC018958$9I 676 $a306.36$9CULTURA E ISTITUZIONI. Sistemi di lavoro$v20 676 $a331$9ECONOMIA DEL LAVORO$v21 676 $a331.1$9Forza di lavoro e mercato del lavoro$v14 676 $a331.1$9FORZE DI LAVORO E MERCATO DEL LAVORO$v22 676 $a331.12$9MERCATO DEL LAVORO$v12 676 $a331.12$9MERCATO DEL LAVORO$v21 676 $a331.137042$9DISOCCUPAZIONE TECNOLOGICA$v19 676 $a331.137042$9DISOCCUPAZIONE TECNOLOGICA$v20 676 $a331.137042$9Economia del lavoro. Disoccupazione tecnologica$v21 676 $a331.137042$9DISOCCUPAZIONE TECNOLOGICA$v22 686 $aX30.6$cLAVORO$2R 686 $aX30.9$cTECNOLOGIA E RICERCA SCIENTIFICA$2R 700 1$aRifkin$b, Jeremy$3CFIV078396$4070$011035 801 3$aIT$bIT-000000$c19951206 850 $aIT-BN0095 901 $bNAP 01$cLT $n$ 901 $bNAP 01$cPOZZO LIB.$nVi sono collocati fondi di economia, periodici di ingegneria e scienze, periodici di economia e statistica e altri fondi comprendenti documenti di economia pervenuti in dono. 912 $aRAV0263648 950 0$aBiblioteca Centralizzata di Ateneo$c1 v.$d 01LT (AR) 20 B 232$e 01AR 0700202325 VMA 1 v.$fB $h20140408$i20140408$c1 v. in due copie$d 01LT (AR) 20 B 231$e 01AR 0700202315 VMA (bis 1 v. (2. copia)$fY $h20190724$i20190724$c1 v. in due copie$d 01POZZO LIB.ECON MON 929$e 0101 0000126385E VMA (bis 1 v. (2 copia)$fB $h20210319$i20210319$c1 v. in due copie$d 01POZZO LIB.ECON MON 929$e 0101 0000184745E VMA 1 v. (Precedente collocazione: DASES B 1091)$fB $h20090622$i20090622 977 $a 01 996 $aEnd of work$915037 997 $aUNISANNIO